Geology and ground-water resources of the Douglas Basin, Arizona / (Record no. 29005)

MARC details
000 -LEADER
fixed length control field 01675cam a22003491a 4500
001 - CONTROL NUMBER
control field gs 55000339
003 - CONTROL NUMBER IDENTIFIER
control field DLC
005 - DATE AND TIME OF LATEST TRANSACTION
control field 20260227111403.0
008 - FIXED-LENGTH DATA ELEMENTS--GENERAL INFORMATION
fixed length control field 840418s1955 dcuab b f001 0 eng c
010 ## - LIBRARY OF CONGRESS CONTROL NUMBER
LC control number gs 55000339
035 ## - SYSTEM CONTROL NUMBER
System control number (OCoLC)10640683
040 ## - CATALOGING SOURCE
Original cataloging agency U.S. Geological Survey. Library.
Transcribing agency AzFU
Modifying agency AzFU
-- DNAL
-- OCoLC
-- DLC
043 ## - GEOGRAPHIC AREA CODE
Geographic area code n-us-az
050 00 - LIBRARY OF CONGRESS CALL NUMBER
Classification number TC801
Item number .U2 no. 1354
070 0# - NATIONAL AGRICULTURAL LIBRARY CALL NUMBER
Classification number 407
Item number G29W no.1354
072 #0 - SUBJECT CATEGORY CODE
Subject category code P200
100 1# - MAIN ENTRY--PERSONAL NAME
Personal name Coates, Donald Robert,
Dates associated with a name 1922-
245 10 - TITLE STATEMENT
Title Geology and ground-water resources of the Douglas Basin, Arizona /
Statement of responsibility, etc. by D.R. Coates and R.L. Cushman ; with a section on chemical quality of the ground water by J.L. Hatchett.
260 ## - PUBLICATION, DISTRIBUTION, ETC.
Place of publication, distribution, etc. Washington, D.C. :
Name of publisher, distributor, etc. U.S. G.P.O.,
Date of publication, distribution, etc. 1955.
300 ## - PHYSICAL DESCRIPTION
Extent iv, 56 p. :
Other physical details ill., maps ;
Dimensions 24 cm.
440 #0 - SERIES STATEMENT/ADDED ENTRY--TITLE
Title Geological Survey water-supply paper ;
Volume/sequential designation 1354
500 ## - GENERAL NOTE
General note "Prepared in cooperation with Arizona State Land Dept."
500 ## - GENERAL NOTE
General note Includes index.
500 ## - GENERAL NOTE
General note Five folded maps in pocket.
501 ## - WITH NOTE
With note TC801 .U2 no. 1354 With : Geology and ground-water resources of the lower Yellowstone River Valley / Alfred E. Torrey. 1956 -- Geology and ground-water resources of the Henderson area, Kentucky / Edward J. Harvey. 1956 -- Computations of total sediment discharge / Bruce R. Colby. 1955. Washington : Govt. Print. Off., 1955-1956. Bound together subsequent to publication.
Institution to which field applies DLC
504 ## - BIBLIOGRAPHY, ETC. NOTE
Bibliography, etc. note Bibliography: p. 41-42.
650 #0 - SUBJECT ADDED ENTRY--TOPICAL TERM
Topical term or geographic name entry element Geology
Geographic subdivision Arizona
-- Douglas Basin.
650 #0 - SUBJECT ADDED ENTRY--TOPICAL TERM
Topical term or geographic name entry element Water-supply
Geographic subdivision Arizona
-- Douglas Basin.
650 #0 - SUBJECT ADDED ENTRY--TOPICAL TERM
Topical term or geographic name entry element Groundwater
Geographic subdivision Arizona
-- Douglas Basin.
700 1# - ADDED ENTRY--PERSONAL NAME
Personal name Cushman, R. L.
Fuller form of name (Robert L.),
Dates associated with a name 1917-
710 1# - ADDED ENTRY--CORPORATE NAME
Corporate name or jurisdiction name as entry element Arizona.
Subordinate unit State Land Department.

No items available.

Powered by Koha